Cheers by Surname Quiz Stats

 Plays Quiz Updated Apr 16, 2015

Also try: Cheers Theme
Challenge
Share
Tweet
Embed
Score 0/10 Timer 01:00
2 Plays Today
Last name First name % Correct
MaloneSam
98.5%
ChambersDiane
93.6%
CraneFrasier
90.3%
PetersonNORM!
90.1%
ClavinCliff
88.7%
Boyd'Woody'
82.4%
TortelliCarla
81.8%
HoweRebecca
70.8%
PantussoErnie 'Coach'
69.6%
SterninLilith
55.8%

You're not logged in!

Compare scores with friends on all Sporcle quizzes.
OR
Log In

You Might Also Like...

Show Comments

Extras

Top Quizzes Today


Score Distribution

Your Account Isn't Verified!

In order to create a playlist on Sporcle, you need to verify the email address you used during registration. Go to your Sporcle Settings to finish the process.

Report this User

Report this user for behavior that violates our Community Guidelines.

Details: